000 00716nam a22002057a 4500
005 20241211152205.0
010 _aDEC24SC ENG-142979
020 _a9789355018649
_c599
035 _aEN-126511
037 _bDBAD
082 _a000
_21
100 _aMalhotra, Raj
_974999
245 _aErrorless 24 Previous Years UPSC Civil Services IAS Prelims/
_cBy Raj Malhotra
250 _a1
260 _aNew Delhi
_bS Chand and Company Limited
_c2024
270 _a A-27, 2nd Floor, Mohan Co-operative Industrial Estate
_bNew Delhi
_e110044
_minfo@schandpublishing.com
_k011-49731800
300 _avpp.
_c26cm(pb)
500 _a GS Paper 1 | 300+ Sub-Topics | 3460 MCQs
942 _2ddc
_cEN
_h000
_mMAL
_e1
999 _c207595
_d207595